| 000 | 00452nam a2200169Ia 4500 | ||
|---|---|---|---|
| 005 | 20240704011859.0 | ||
| 008 | 240331s9999 xx 000 0 und d | ||
| 020 | _a0803945450 | ||
| 082 |
_a155 _bERI |
||
| 100 | _aErickson, B.M | ||
| 245 | 0 |
_aHelping men chenge : _bthe role of the female therapist _cBeth M. Erickson |
|
| 260 |
_aNew Delhi _bSage Publications _c1993 |
||
| 300 | _axvii, 470 p ., | ||
| 650 | _aGender | ||
| 650 | _aSocial | ||
| 942 | _cL | ||
| 999 |
_c741 _d741 |
||